| 000 | 00707nam a22001937a 4500 | ||
|---|---|---|---|
| 999 |
_c189557 _d189557 |
||
| 005 | 20220811105905.0 | ||
| 010 | _aB-745292 | ||
| 020 |
_a9789388583947 _c295.00 |
||
| 035 | _aB-745292 | ||
| 037 | _bSahitya Bhoomi | ||
| 100 | _aSaxena, Ashok Kumar | ||
| 245 |
_aDepression in the battle field A congnitive of Gita/ _cAshok Kumar Saxena |
||
| 250 | _aFirst | ||
| 260 |
_aNew Delhi _bSahitya Bhoomi _c2020 |
||
| 270 |
_aN-3/5A, Gurudwara Road, Mohan Garden,Uttam Nagar _bNew Delhi _e110059 _k918383863238,7290973151 _msahityabhoomi@gmail.com |
||
| 300 |
_a103p. _c23cm(hbk) |
||
| 942 |
_2ddc _cEN _mSAX _h181.45 |
||